000 00377 a2200133 4500
999 _c41558
_d41558
003 OSt
005 20220926142356.0
008 220926b ||||| |||| 00| 0 eng d
040 _coclc
082 _a664.07
_bYAD/F
245 _aFood analysis and quality control /
_cVedpal Yadav
300 _a131 pages
942 _2ddc
_cBK
_h664.07
_iYAD/F
_k664.07
_mYAD/F